| 000 | 00742nam a22002417a 4500 | ||
|---|---|---|---|
| 003 | OSt | ||
| 005 | 20250715053423.0 | ||
| 008 | 250715b |||||||| |||| 00| 0 eng d | ||
| 020 | _a9781975206598 | ||
| 040 |
_aDWC-Main Lib _cOC |
||
| 082 | _aCirc. 610.73 W373h 2022 | ||
| 100 | _aWeber, Janet R. | ||
| 245 |
_aHealth assessment in nursing/ _cJanet R. Weber & Jane H. Kelley |
||
| 250 | _aSeventh edition | ||
| 260 |
_aPhiladelphia: _bWolter Kluwer, _cc2022. |
||
| 300 |
_axxi, 924 pages: _bIllustration; _c26 cm |
||
| 504 | _aIncludes glossary and index. | ||
| 650 | _a1. Diagnosis. | ||
| 650 | _a2. Nursing | ||
| 650 | _a3. Nursing assessment. | ||
| 700 | _aKelley, Jane H. | ||
| 942 |
_2ddc _cBK-CIRC _eSeventh edition _kCirc. _n0 |
||
| 999 |
_c3679 _d3679 |
||